Triển khai hệ thống mạng Tập 2

Сохранить в:
Библиографические подробности
Главный автор: Trần, Văn Thành
Другие авторы: Hồ, Viết Quang Thạch
Формат:
Язык:Undetermined
Опубликовано: Tp.HCM Đại học quốc gia Tp.HCM 2008
Предметы:
Online-ссылка:http://lrc.tdmu.edu.vn/opac/search/detail.asp?aID=2&ID=3365
Метки: Добавить метку
Нет меток, Требуется 1-ая метка записи!
Thư viện lưu trữ: Trung tâm Học liệu Trường Đại học Thủ Dầu Một
LEADER 00702nam a2200217Ia 4500
001 TDMU_3365
008 210410s9999 xx 000 0 und d
082 |a 004.67 
090 |b T685 
100 |a Trần, Văn Thành 
245 0 |a Triển khai hệ thống mạng 
245 0 |c Trần Văn Thành, Hồ Viết Quang Thạch 
245 0 |n Tập 2 
260 |a Tp.HCM 
260 |b Đại học quốc gia Tp.HCM 
260 |c 2008 
300 |a 241tr. 
650 |a Mạng máy tính 
700 |a Hồ, Viết Quang Thạch 
856 |u http://lrc.tdmu.edu.vn/opac/search/detail.asp?aID=2&ID=3365 
980 |a Trung tâm Học liệu Trường Đại học Thủ Dầu Một